| 000 | 00505nam a22002057a 4500 | ||
|---|---|---|---|
| 003 | UUm | ||
| 005 | 20160105122235.0 | ||
| 008 | 130306t xxu||||| |||| 00| 0 eng d | ||
| 020 | _a9780174480198 | ||
| 050 |
_aQH308.7 _bR62 1986 |
||
| 082 |
_aIB 574 _bR54 1986 |
||
| 100 | _aRoberts, M.B. | ||
| 245 |
_aBiology : _ba functional approach _cM.B.V. Roberts |
||
| 250 | _a4th ed. | ||
| 260 |
_aLondon _bELBS _c1986 |
||
| 300 |
_a693 p. _bill. _c28cm. |
||
| 562 | _e1 | ||
| 942 |
_2lcc _cBK |
||
| 999 |
_c2031 _d2031 |
||